20 Films avec Brad Pitt (Mort subite) - Statistiques

Statistiques générales
  • Ce quiz a été pris 2 119 fois
  • Le résultat moyen est 11 sur 20
Answers on the Grid
Answers color-coded by a green-red scale on the quiz's grid according to % correct below.
Thelma et Louise
Et au milieu coule une Rivière
True Romance
Entretien avec un Vampire
Légendes d'Automne
Seven
L'Armée des douze Singes
Sleepers
Sept ans au Tibet
Rencontre avec Joe Black
Fight Club
Snatch : Tu braques ou tu raques
Le Mexicain
Spy Game : Jeu d'espions
Ocean's Eleven
Troie
Mr. et Mrs. Smith
L'étrange Histoire de Benjamin Button
Inglourious Basterds
Once upon a Time… in Hollywood
Pulp Fiction
Very bad Trip
Into the Wild
Les évadés
Star Wars épisode III: La Revanche des Siths
Creed : L'Héritage de Rocky Balboa
Gladiator II
Pretty Woman
Seul au Monde
Requiem for a dream
Shutter Island
Sixième Sens
Le Cinquième Element
American History X
The Dark Knight - Le Chevalier noir
Reservoir Dogs
Le Loup de Wall Street
Interstellar
Million Dollar Baby
Usual Suspects
 
Statistiques - réponses
Réponse % Correct
Fight Club
83%
Mr. et Mrs. Smith
76%
Seven
76%
Ocean's Eleven
74%
Once upon a Time… in Hollywood
74%
Troie
69%
Inglourious Basterds
67%
L'étrange Histoire de Benjamin Button
67%
Rencontre avec Joe Black
58%
Entretien avec un Vampire
54%
Sept ans au Tibet
54%
Snatch : Tu braques ou tu raques
54%
Thelma et Louise
46%
Légendes d'Automne
44%
Et au milieu coule une Rivière
39%
L'Armée des douze Singes
39%
Le Mexicain
33%
Sleepers
33%
Spy Game : Jeu d'espions
31%
True Romance
27%
Aucun quiz correspondant
Distribution des résultats
% des personnes avec chaque résultat
Percentile par nombre de réponses
Votre historique - résultats
Vous n’avez pas pris ce quiz